| 000 | 00931cam a2200277 a 4500 | ||
|---|---|---|---|
| 999 |
_c126977 _d126977 |
||
| 001 | 2407752 | ||
| 003 | ARRUPE | ||
| 005 | 20170922110510.0 | ||
| 008 | 860702s1987 caua b 000 0 eng | ||
| 010 | _a 86062001 | ||
| 020 |
_a0960689648 (pbk.) : _c$7.95 |
||
| 040 |
_aDLC _cDLC _dDLC |
||
| 050 | 0 | 0 |
_aHQ769 _b.G64 1987 |
| 082 | 0 | 0 |
_a649.1 _219 |
| 100 | 1 |
_aGlenn, H. Stephen. _936024 |
|
| 245 | 1 | 0 |
_aRaising children for success : _bblueprints and building blocks for developing capable people / _cby H. Stephen Glenn, with Jane Nelsen. |
| 260 |
_aFair Oaks, Calif. : _bSunrise Press, _cc1987. |
||
| 300 |
_a210 p. : _bill. ; _c22 cm. |
||
| 504 | _aBibliography: p. 207-210. | ||
| 650 | 0 |
_aChild rearing. _936123 |
|
| 650 | 0 |
_aChild development. _936124 |
|
| 650 | 0 |
_aSelf-reliance in children. _936121 |
|
| 650 | 0 |
_aSuccess. _936125 |
|
| 700 | 1 |
_aNelsen, Jane. _936025 |
|
| 906 |
_a7 _bcbc _corignew _d3 _eopcn _f19 _gy-gencatlg |
||
| 942 |
_2lcc _cMONOGRAPH |
||